El hijo del viento / (Registro nro. 12485)

Detalles MARC
000 -LEADER
fixed length control field 00649nam a22002297a 4500
003 - CONTROL NUMBER IDENTIFIER
control field DO-SdBNP
005 - DATE AND TIME OF LATEST TRANSACTION
control field 20180215110540.0
008 - FIXED-LENGTH DATA ELEMENTS--GENERAL INFORMATION
fixed length control field 160718 1996 sp a spa d
020 ## - INTERNATIONAL STANDARD BOOK NUMBER
International Standard Book Number 8420769711
040 ## - CATALOGING SOURCE
Original cataloging agency BPMSU
Language of cataloging spa
Transcribing agency BPMSU
100 1# - MAIN ENTRY--PERSONAL NAME
Personal name Alcántara, Ricardo
245 13 - TITLE STATEMENT
Title El hijo del viento /
Statement of responsibility, etc. Ricardo Alcántara ; ilustraciones Gustii
260 ## - PUBLICATION, DISTRIBUTION, ETC. (IMPRINT)
Place of publication, distribution, etc. Madrid :
Name of publisher, distributor, etc. Grupo Anaya,
Date of publication, distribution, etc. 1996.
300 ## - PHYSICAL DESCRIPTION
Extent 63 p. :
Other physical details il. ;
Dimensions 19 cm.
490 1# - SERIES STATEMENT
Series statement El duende verde
Volume/sequential designation 90
521 ## - TARGET AUDIENCE NOTE
Target audience note A partir de 6 años.
700 12 - ADDED ENTRY--PERSONAL NAME
Personal name Gusti,
Relator term il.
830 #0 - SERIES ADDED ENTRY--UNIFORM TITLE
Uniform title El duende verde
Number of part/section of a work 90
942 ## - ADDED ENTRY ELEMENTS (KOHA)
Source of classification or shelving scheme Dewey Decimal Classification
Koha item type Libros
945 ## - LOCAL PROCESSING INFORMATION (OCLC)
a Inventariado, 2018 /LP
956 ## - LOCAL ELECTRONIC LOCATION AND ACCESS (OCLC)
Host name YLOCKWARD
Access number 10
Processor of request BPMSU
Existencias
Withdrawn status Lost status Source of classification or shelving scheme Damaged status Not for loan Collection code Home library Current library Date acquired Source of acquisition Total Checkouts Barcode Date last seen Price effective from Koha item type
    Dewey Decimal Classification     Colección Infantil General Biblioteca Pública Metropolitana Salomé Ureña Biblioteca Pública Metropolitana Salomé Ureña 01/17/2017 Sin sellar   BPMSU17010066 01/17/2017 01/17/2017 Libros